The connection machine /

Gespeichert in:
Bibliographische Detailangaben
1. Verfasser: Hillis, W.Daniel (Verfasst von)
Format: Buch
Sprache:Tschechisch
Veröffentlicht: Praha : Grada, 1993
Ausgabe:1.vyd.
Schlagworte:
Tags: Tag hinzufügen
Keine Tags, Fügen Sie das erste Tag hinzu!

MARC

LEADER 00000nam a22000003a 4500
001 stu7164
005 20150617225809.3
008 941205s1993----xr------------------cze-d
020 |a 80-85623-41-2 
040 |a STU  |b slo 
041 0 |a cze 
044 |a xr 
080 |a 681.322.013 
080 |a 519.687 
100 1 |a Hillis, W.Daniel  |4 aut 
245 1 |a The connection machine /  |c [aut.] Hillis,W.Daniel 
250 |a 1.vyd. 
260 |a Praha :  |b Grada,  |c 1993 
300 |a 210 s 
650 7 |a paralelné počítače  |2 stusub 
650 7 |a CM počítače  |2 stusub 
650 7 |a paralelné programovanie  |2 stusub 
650 7 |a LISP  |2 stusub 
996 |b 284EK08035  |c E*79385  |l EE01  |s A  |a 24  |w stu7164_0001